20 Biggest cities In Ukraine - Statistics

General Stats
  • This quiz has been taken 63 times
  • The average score is 11 of 20
Answer Stats
Rank City % Correct
1 Kiev
100%
2 Kharkiv
92%
3 Odessa
90%
4 Donetsk
88%
7 Lviv
88%
5 Dnipro
82%
12 Mariupol
80%
10 Luhansk
78%
11 Sevastopol
65%
18 Kherson
53%
19 Sumy
53%
17 Poltava
45%
16 Simferopol
43%
15 Makiivka
31%
13 Chernihiv
29%
20 Horlivka
22%
6 Zaporizhzhya
18%
9 Mykolayiv
16%
8 Kryvyy Rih
12%
14 Vinnytsya
12%
No matching quizzes found
Score Distribution
Percent of People with Each Score
Percentile by Number Answered
Your Score History
You have not taken this quiz